000 00319nam a2200133 i 4500
001 bg
100 1 _aWŁOCZEWSKI, Jerzy
245 0 _aOrganizacja procesów produkcyjnych /
_cJ. Włoczewski.
260 _aWarszawa,
_c1983.
040 _cBPK
041 _apol
942 _cKS
008 s pl f |000 0 pol
999 _c2071
_d2071
856 _uhttp://koha.tu.koszalin.pl/cgi-bin/koha/opac-detail.pl?biblionumber=2071
_yKatalog online BPK